000 00959nam0a2200265 4500
001 RU\NLR\ONL1\3594
005 20250613114214.0
035 _a(NLR Aleph) 009632347
090 _a9501716
_c9501716
100 _a20040706d1995 |||y0rusy50 ca
101 0 _achm
102 _aRU
105 _ay |||||||||
200 1 _aКызытсе марий литератур
_e11 кл. хрестоматий
_eКн. 2
_eПоэий. Драматургий
_fР. А. Кудрявцев ямдылен
210 _aЙошкар-Ола
_cМарий кн. савыктыш
_d1995
215 _a215,[1] с.
_d22
541 1 _aСовременная марийская литература
_eХрестоматия для 11 кл.
_zrus
686 1 _aШ5(2=Мар)7я7
702 1 _aКудрявцев
_bР. А.
_4220
801 0 _aRU
_bNLR
_c20040706
_gPSBO
852 _aNLR
_bОНЛ
_jМар.л./3-2385
942 _cBOOK
980 _aNB